000 00843nam a2200277 i 4500
001 bg
100 1 _aBIAŁECKI, Piotr
245 1 0 _aNieuczciwa lub zakazana reklama :
_bnowe regulacje ustawowe, teksty aktów prawnych, wzory umów /
_cPiotr Białecki, Hubert Tuchołka.
246 1 8 _aNieuczciwa reklama
260 _aWarszawa :
_bC. H. Beck,
_c2002.
300 _aXXVII, 270 s. ;
_c22 cm.
490 1 _aPrawo dla Firm
500 _aTyt. grzbiet.: Nieuczciwa reklama.
504 _aBibliogr. Indeks.
650 9 _aReklama
_xprawo
_zPolska
_ystan na 2002 r.
655 _aPodręczniki
700 1 _aTUCHOŁKA, Hubert
830 _aPrawo dla Firm
020 _a8372471754
040 _cBPK
041 0 _apl
080 _a347.7:659.1](438)
920 _a83-7247-175-4
942 _cKS
008 s pl f |000 0 pol
999 _c41578
_d41578
856 _uhttp://koha.tu.koszalin.pl/cgi-bin/koha/opac-detail.pl?biblionumber=41578
_yKatalog online BPK